000 01785nam a22004098i 4500
001 122063
005 20241203094028.0
006 m|||||o||d||||||||
007 cr |||||||||||
008 240903s2024 enk fo 000|0|eng|d
020 _a9781916749283 (PDF ebook) :
040 _aStDuBDS
_beng
_erda
_epn
_cStDuBDS
_dStDuBDSZ
050 4 _aKD1641
_b.M6 2024
072 7 _aLAW
_2ukslc
072 7 _aLN
_2bicssc
072 7 _aLN
_2thema
082 0 4 _a343.41078624
_223
100 1 _aMolloy, Matthew,
_eauthor.
245 1 0 _aAdjudicating construction and engineering disputes
_h[electronic resource] /
_cMatthew Molloy, Jonathan Cope.
263 _a202410
264 1 _aLondon :
_bLPP,
_c2024.
300 _a1 online resource (240 pages)
336 _atext
_2rdacontent
337 _acomputer
_2rdamedia
338 _aonline resource
_2rdacarrier
366 _b20241009
_cNot yet available
520 8 _aThis book provides a comprehensive guide to the process of construction industry adjudication from the perspective of the adjudicator. It covers the whole process of adjudication, from the initial enquiry through case management, the conduct of the proceedings, the production of the Decision and post-Decision matters. The purpose is to provide a resource for aspiring and practising adjudicators, both in the UK and internationally.
650 0 _aALTERNATIVE DISPUTE RESOLUTION
650 0 _aARBITRATION
650 0 _aCONSTRUCTION CONTRACTS
650 0 _aEBOOK
650 7 _aLAW
700 1 _aCope, Jonathan,
_eauthor.
776 0 8 _iPrint version :
_z9781916749276
856 4 0 _uhttps://www.vlebooks.com/product/openreader?id=RICS&accId=9491556&isbn=9781916749283
_zAvailable on VLeBooks (email [email protected] if you do not have a login)
942 _2ddc
999 _c122063
_d122063